000 00600nam a2200193Ia 4500
003 IN-BaIIA
008 211028s9999 xx 000 0 eng d
040 _cIIA Library
080 _a539.18
_bKON
100 _aKondratyev, V.
_94910
245 4 _aThe structure of atoms and molecules
_cKondratyev, V
260 _aNew York
_bDover Publications
_c1965
300 _a530p.
490 _aDover books on physical and mathematical physics
650 _aAtomic physics
_91547
650 _aMolecular physics
_91914
650 _aNASA thesaurus
942 _cBK
999 _c2741
_d2741